Quy định pháp luật về công văn giấy tờ trong các cơ quan tổ chức
Những qui định chung về việc ban hành văn bản qui phạm pháp luật. Những qui định có liên quan đến từng cơ quan, tổ chức
Saved in:
| Format: | Book |
|---|---|
| Language: | Undetermined |
| Published: |
Hà Nội
Lao Động
2001
|
| Subjects: | |
| Tags: |
Add Tag
No Tags, Be the first to tag this record!
|
| Institutions: | Trung tâm Học liệu Trường Đại học Cần Thơ |
|---|
| LEADER | 00803nam a2200193Ia 4500 | ||
|---|---|---|---|
| 001 | CTU_43612 | ||
| 008 | 210402s9999 xx 000 0 und d | ||
| 020 | |c 55000 | ||
| 082 | |a 342.02 | ||
| 082 | |b Qu600 | ||
| 245 | 0 | |a Quy định pháp luật về công văn giấy tờ trong các cơ quan tổ chức | |
| 245 | 0 | |c Lê Hải Anh, Trần Nam Sơn (sưu tầm, tuyển chọn) | |
| 260 | |a Hà Nội | ||
| 260 | |b Lao Động | ||
| 260 | |c 2001 | ||
| 520 | |a Những qui định chung về việc ban hành văn bản qui phạm pháp luật. Những qui định có liên quan đến từng cơ quan, tổ chức | ||
| 650 | |a Administrative law | ||
| 904 | |i Minh, Nguyên sửa | ||
| 980 | |a Trung tâm Học liệu Trường Đại học Cần Thơ | ||